Štúdium podmienok, zmien a stabilizácie vybraných zložiek v potravinách dizertačná práca

Saved in:
Bibliographic Details
Main Author: Lauková, Michaela
Format: Book
Language:Slovak
Published: Bratislava STU FCHPT 2018
Online Access:View in OPAC
Tags: Add Tag
No Tags, Be the first to tag this record!

MARC

LEADER 00000nam a2200000 a 4500
005 20260127133956.0
008 200515 2018 xo a 001 0 slo d
035 |a vtls011966800 
039 9 |y 202005151028  |z mschk03 
040 |a STUSCHK1  |b slo  |c STUSCHK1  |e AACR2 
100 1 |a Lauková, Michaela 
245 1 |a Štúdium podmienok, zmien a stabilizácie vybraných zložiek v potravinách  |b dizertačná práca  |c Michaela Lauková 
260 |a Bratislava  |b STU FCHPT  |c 2018 
300 |a 208 s.  |b Obr., tab.  |c 25 cm 
500 |a Študijný program: chémia a technoógia poživatín 
500 |a Študijný odbor: chémia a technológia poživatín 
500 |a Školiace pracovisko: Oddelenie potravinárskej technológie 
500 |a Evid. číslo: FCHPT-19985-28064 
910 |a SCHK95 
999 |c 1282  |d 1282